Harry Potter Books By Main Plot - Statistics

General Stats
  • This quiz has been taken 2,430 times
  • The average score is 7 of 7
Answer Stats
Hint Answer % Correct
People suspect Harry of attacking students. Harry Potter and the Chamber of Secrets
98%
Harry is doing remarkably well in Potions, and Malfoy's up to something. Harry Potter and the Halfblood Prince
97%
The Triwizard Tournament is BACK! But... What!? Four? Harry Potter and the Goblet of Fire
96%
Horcruxes or Hallows? Harry Potter and the Deathly Hallows
95%
The only book that DOESN'T include Voldemort. Harry Potter and the Prisoner of Azkaban
95%
Harry leaves the Dursleys, and makes some friends. Harry Potter and the Philosopher's/Sorcerer's Stone
94%
Dreams are infiltrating Harry's mind, and making him act... Differently. Harry Potter and the Order of the Phoenix
89%
No matching quizzes found
Score Distribution
Percent of People with Each Score
Percentile by Number Answered
Your Score History
You have not taken this quiz